000 00540nam a2200169Ia 4500
008 150610s9999 xx 000 0 und d
020 _a1552094839
050 _aHV8073
_b.O93 2000
100 _aOwen, David
245 _aHidden evidences:
_b40 true crimes and how forensic science helped solve them /
_cDavid Owen.
260 _aCanada :
_bFirefly Book,
_c2000.
300 _a240pages :
_bcol. ;
_c26 cm.
504 _aIncludes glossary and index.
520 _aForensic sciences.
650 _xCrime.
650 _xCriminal investigation.
999 _c288045
_d288045